|
|
|
|
| LEADER |
00000nam0a2200000 4500 |
| 001 |
111224 |
| 005 |
20231031120745.0 |
| 035 |
|
|
|a (RuTPU)RU\TPU\book\120120
|
| 090 |
|
|
|a 111224
|
| 100 |
|
|
|a 20070313d1972 m y0rusy50 ca
|
| 101 |
0 |
|
|a rus
|
| 102 |
|
|
|a RU
|
| 105 |
|
|
|a a z 000ay
|
| 200 |
1 |
|
|a Военная лирика
|f К. М. Симонов
|
| 210 |
|
|
|a Горький
|c Волго-Вятское кн. изд-во
|d 1972
|
| 215 |
|
|
|a 126 с.
|c ил.
|
| 610 |
1 |
|
|a стихи
|
| 610 |
1 |
|
|a военная тематика
|
| 610 |
1 |
|
|a лирика
|
| 675 |
|
|
|a Р2
|v 3
|
| 700 |
|
1 |
|a Симонов
|b К. М.
|g Константин Михайлович
|
| 702 |
|
1 |
|a Алексеева
|b А.
|4 080
|
| 801 |
|
1 |
|a RU
|b 63413507
|c 20070313
|g PSBO
|
| 801 |
|
2 |
|a RU
|b 63413507
|c 20070313
|g PSBO
|
| 942 |
|
|
|c BK
|